• 首页
  • 本馆介绍
  • 公告通知
  • 最新文献
  • 馆藏检索
  • 电子资源
  • 读者荐购
  • 参考咨询
  • CALIS
  • 我的图书馆
  • 登录
  • 详细信息显示
  • 放入我的书架
  • 预约/预借图书
  • 作者相关作品
  • 分类相关作品
  • 丛书相关作品
  • 出版社相关作品

书目信息

  • 表格格式
  • 工作单格式
  • 卡片格式
题名:
AutoCAD 2002建筑设计成才三级跳
    
 
作者: 高志清 主编 ;科大工作室 编著 ;科大工作室 编著
分册:  
出版信息: 北京   中国水利水电出版社  2003.03
页数: 369页
开本: 26cm
丛书名: 设计师成长之路丛书
单 册:
中图分类: TU201.4
科图分类:
主题词: 建筑设计: 计算机辅助设计--应用软件, AutoCAD 2002 , 应用软件 , 计算机辅助设计
电子资源:
ISBN: 7-5084-1361-X
 
 
 
 
 
000 01126nam2 2200301 45
005 20100607161149.00
010    @a7-5084-1361-X@dCNY 38.00
100    @a20030422d2003 ekmy0chiy0121 ea
101 0  @achi
102    @aCN@b110000
105    @aak z 000yy
200 1  @aAutoCAD 2002建筑设计成才三级跳@AAutoCAD 2002 jian zhu she ji cheng cai san ji tiao@f高志清主编;科大工作室编著@Fgao zhi qing zhu bian;ke da gong zuo shi bian zhu@g科大工作室编著
210    @a北京@c中国水利水电出版社@d2003.03
215    @a369页@c图, 表格@d26cm@e附光盘1片
225 2  @a设计师成长之路丛书
330    @a本书内容: 迈进AutoCAD 2002之门; AutoCAD 2002定制与操作; 绘图基础知识; 绘图辅助命令......
410  0 @12001 @a设计师成长之路丛书
606 0  @a建筑设计: 计算机辅助设计@x应用软件, AutoCAD 2002
606 0  @a应用软件
606 0  @a计算机辅助设计
610 1  @aAutoCAD 2002
690    @aTU201.4@v4
701  0 @a高志清@Agao zhi qing@4主编
702  0 @a科大工作室@Ake da gong zuo shi@4编著
712 02 @a科大工作室@Ake da gong zuo shi@4编著
801  0 @aCN@bQSSKy1@c20100607
905    @dTU201.4@eG2102
906    @dCNY38.00@n3@r1
    
    AutoCAD 2002建筑设计成才三级跳/高志清主编;科大工作室编著/科大工作室编著.-北京:中国水利水电出版社,2003.03
    369页:图, 表格;26cm+附光盘1片.-(设计师成长之路丛书)
    
    
    ISBN 7-5084-1361-X:CNY 38.00
    本书内容: 迈进AutoCAD 2002之门; AutoCAD 2002定制与操作; 绘图基础知识; 绘图辅助命令......
●
相关链接 在E读中查询图书 在当当中查询图书 在豆瓣中查询图书


正题名:AutoCAD 2002建筑设计成才三级跳     索取号:TU201.4/G2102         预约/预借

序号 登录号 条形码 馆藏地/架位号 状态 备注
1 209749   202097499   自科二线404/404自科库 11排6列4层/ [索取号:TU201.4/G2102] 在馆    
2 374684   203746848   建筑库101/ [索取号:TU201.4/G2102] 在馆    
3 374685   203746857   能源与建筑环境工程学院资料室/404自科库 14排2列2层/ [索取号:TU201.4/G2102] 在馆    
4 374686   203746866   建筑库101/ [索取号:TU201.4/G2102] 在馆    
5 470154   204701545   建筑库101/101建筑库 33排4列1层/ [索取号:TU201.4/G2102] 在馆    
河南城建学院图书馆 欢迎您!
大连网信软件有限公司© 版权所有